| 000 | 00451nam a22001457a 4500 | ||
|---|---|---|---|
| 008 | 230608b |||||||| |||| 00| 0 eng d | ||
| 040 |
_aNational Science Library _cNational Science Library |
||
| 080 |
_aR 802.0-093.35(038) _bK1 |
||
| 245 |
_aDictionary of the underworld _c/ Routledge & Kegan Paul Ltd |
||
| 260 |
_aLondon: _bRoutledge & Kegan Paul Ltd, _c1961 |
||
| 300 | _a817p. | ||
| 650 | _aLanguage | ||
| 653 | _aDictionary | ||
| 942 |
_2udc _cREF |
||
| 999 |
_c40827 _d40827 |
||